| 000 | 00423nam a2200169 a 4500 | ||
|---|---|---|---|
| 001 | 2266 | ||
| 005 | 20140414131927.0 | ||
| 008 | 010727s19uu xx 00 eng d | ||
| 020 | _a0307982904 | ||
| 050 |
_aER _bRa11 1998 |
||
| 245 | _aMickey and Minnie in Rapunzel. | ||
| 260 |
_aNew York : _bA Goldern Book, _c1998. |
||
| 300 | _a23 | ||
| 440 | _aFairy tale theater | ||
| 650 |
_aRapunzel- _xFiction. |
||
| 999 |
_c112061 _d112061 |
||